00878nam a2200205 i 4500001000700000003000900007005001700016007000300033008004100036100004800077245019300125260005800318300002200376610002400398651005300422700004600475700002900521710009100550852003100641122436ES-MaACL20231226211013.0t|070214s1949 sp r ||||1| spa d1 aPrimo de Rivera, José Antonio,d1903-193610aObras completas de José Antonio Primo de Rivera / crecopilación y ordenación de los textos originales hechas por los camaradas Agustín del Río Cisneros y Enrique Conde Gargallo. aMadrid : bDirección General de Propaganda, c1949. a815 p. ; c25 cm.24aFalange Española. 4aEspaña-xHistoria-y1931-1939, II República.1 aRío Cisneros, Agustín del,d1909-19921 aConde Gargollo, Enrique.2 aMovimiento Nacional (España). bDelegación Nacional de Prensa, Propaganda y Radio. aES-MaACLjF-5168 bR.28651